| 000 | 00453nam a2200169Ia 4500 | ||
|---|---|---|---|
| 008 | 230917s9999||||xx |||||||||||||| ||und|| | ||
| 020 | _cRS990 | ||
| 040 |
_e237088 _aMAIN |
||
| 041 | _aEnglish | ||
| 082 | _a709.54 M295A | ||
| 100 | _aMalik, S P | ||
| 245 | 0 | _aArt and craft of harappans | |
| 260 |
_aNew Delhi _bAbhay Publications _c2015 |
||
| 300 | _a230 p. | ||
| 500 | _a2540 10/01/2017 RK17/3453 19/01/2017 Main Budget Periodicals | ||
| 942 | _cBK | ||
| 999 |
_c20605 _d20605 |
||